000 00673nam a2200169 i 4500
001 183764
003 ES-MaACL
005 20230906221950.0
008 141010s1878 sp |||| | spa d
080 _a94(729.1)"1868/78"
100 1 _aNavarro, Fabián.
_9155701
245 1 3 _aLa cuestión de Cuba
_b: origen, carácter, vicisitudes y causas de la prolongación de aquella guerra : memoria político-militar /
_cescrita por un testigo presencial.
260 _a[S.l.] :
_b[s.n.],
_c1878 (
_eMadrid :
_fEstab. Tip. de A. Bacaycoa)
300 _a204 p. ;
_c18 cm.
651 4 _aCuba-
_xHistoria-
_y1868-1878, Guerra de los Diez Años.
_98103
852 _aES-MaACL
_jT-300-F-4
999 _c183764
_d183764